000 00186 a2200097 4500
020 _a9786071104564
041 _aspa
100 _aRichelle Mead
245 _aVampire academy
942 _cBK
999 _c28136
_d28136